Quick review of PGMEE for various post graduate medical entrance examinations volume 2: (including medicine, pediatrics, dermatology and venereal diseases, radiology, psychiatry) (4th ed.) (Record no. 32565)

MARC details
000 -LEADER
fixed length control field 00809nam a2200169 a 4500
008 - FIXED-LENGTH DATA ELEMENTS--GENERAL INFORMATION
fixed length control field 151214s2006 ||||||||||||||||| || u
020 ## - INTERNATIONAL STANDARD BOOK NUMBER
International Standard Book Number 8180617637
050 ## - LIBRARY OF CONGRESS CALL NUMBER
Classification number RC 46 Cha
100 ## - MAIN ENTRY--PERSONAL NAME
Personal name Chandra, Sharad
245 10 - TITLE STATEMENT
Title Quick review of PGMEE for various post graduate medical entrance examinations volume 2: (including medicine, pediatrics, dermatology and venereal diseases, radiology, psychiatry) (4th ed.)
Statement of responsibility, etc. By Sharad Chandra
250 ## - EDITION STATEMENT
Edition statement 4th ed.
260 ## - PUBLICATION, DISTRIBUTION, ETC.
Place of publication, distribution, etc. New Delhi
Name of publisher, distributor, etc. Jaypee Brothers Medical publishers
Date of publication, distribution, etc. 2006
300 ## - PHYSICAL DESCRIPTION
Extent 687p.: ill.
350 ## -
-- 98.00
650 ## - SUBJECT ADDED ENTRY--TOPICAL TERM
Topical term or geographic name entry element INTERNAL MEDICINE--EXAMINATIONS, QUESTIONS, ETC
995 ## -
-- MEDICAL LIBRARY OPEN ACCESS
-- 903217
-- CBU-SCHOOL OF MEDICINE LIBRARY (Ndola)
-- 98.00
-- RC 46 Cha
-- 1
-- AVAILABLE
-- Dec 16, 2015
-- 903217
-- Medical Library Open Access Collection
999 ## -
-- 32565
-- 32565
Holdings
Withdrawn status Lost status Source of classification or shelving scheme Damaged status Not for loan Permanent Location Current Location Shelving location Date acquired Total Checkouts Full call number Barcode Date last seen Price effective from Koha item type
          CBU-SCHOOL OF MEDICINE LIBRARY, NDOLA. CBU-SCHOOL OF MEDICINE LIBRARY, NDOLA.   11/30/2022   RC 46 Cha 903217 11/30/2022 11/30/2022 MONOGRAPH